000 00785nam a2200229 u 4500
001 61430
005 20180714063047.0
008 140917s2012 mx r 000 0 spa d
020 _a978-607-15-0748-8
082 0 _a616.15
_bJAI
100 1 _aJaime Pérez, José Carlos,
_eautor
245 1 0 _aHematología :
_bla sangre y sus enfermedades /
_cJosé Carlos Jaime Pérez, David Gómez Almaguer.
250 _aTercera edición.
264 1 _aMéxico :
_bMcGraw-Hill Interamericana Editores,
_c2012
300 _axiii, 337 páginas ;
_c27 cm.
336 _atexto
_2rdacontent
337 _asin mediación
_2rdamedia
338 _avolumen
_2rdacarrier
650 0 _aHematología
700 1 _aGómez Almaguer, David,
_eautor
700 1 _aCortés Jorge,
_eprologuista
999 _c61430
_d61430